Pays du Monde dans toutes les Langues de JetPunk - Statistiques

Statistiques générales
  • Ce quiz a été pris 10 181 fois
  • Le résultat moyen est 488 sur 1764
Réponses sur la Carte
Les réponses sont colorées sur une échelle allant du rouge au vert en fonction du pourcentage des utilisateurs qui les ont devinées à leur premier essai. Vous pouvez retrouver ces pourcentages ci-dessous.
 
Statistiques - réponses
Country % Correct
France
90%
Etats-Unis
79%
Russie
75%
Canada
74%
Canadá
74%
United States
73%
Brésil
68%
Espagne
68%
Chine
65%
Russia
65%
Rússia
65%
Australië
64%
Australie
64%
Stati Uniti
63%
Allemagne
61%
Mexique
61%
Royaume-Uni
61%
Vereinigte Staaten
61%
Portugal
60%
Stany Zjednoczone
60%
Yhdysvallat
60%
Brazil
59%
Francia
59%
Italië
59%
Italie
59%
United Kingdom
59%
Argentine
58%
Algérie
57%
Algerije
57%
China
57%
Chiny
57%
Inde
57%
Japón
57%
Japon
57%
Maroc
57%
Australia
56%
Austrália
56%
Dänemark
55%
Danemark
55%
Mexico
55%
México
55%
Chili
54%
Finland
54%
Finnland
54%
Mexico
54%
México
54%
Suède
54%
Brasil
53%
Irland
53%
Spain
53%
Island
52%
Norvège
52%
Pologne
52%
Argentina
51%
Argentyna
51%
India
51%
Índia
51%
República Democrática del Congo
51%
República Democrática do Congo
51%
République démocratique du Congo
51%
Turquie
51%
Ukraine
51%
Afrique du Sud
50%
Algieria
50%
Colombie
50%
Democratic Republic of the Congo
50%
Democratische Republiek Congo
50%
Egypt
50%
Madagascar
50%
Madagáscar
50%
Madagaskar
50%
Pérou
50%
Repubblica del Congo
50%
Repubblica Democratica del Congo
50%
República del Congo
50%
República do Congo
50%
Republic of the Congo
50%
Republiek Congo
50%
République du Congo
50%
Algeria
49%
Belgique
49%
Irão
49%
Nouvelle-Zélande
49%
Andorre
48%
Bolivia
48%
Cuba
48%
Indonesië
48%
Indonésie
48%
Italia
48%
Itália
48%
Suisse
48%
Venezuela
48%
Arabie Saoudite
47%
Bolivie
47%
Grèce
47%
Japan
47%
Mali
47%
Malí
47%
Mongolei
47%
Mongolië
47%
Mongolie
47%
Tunisie
47%
Uruguay
47%
Venezuela
47%
Colombia
46%
Colômbia
46%
Corée du Sud
46%
Germany
46%
Kazajistán
46%
Kazakhstan
46%
Libye
46%
Monaco
46%
Mónaco
46%
Mônaco
46%
Niger
46%
Níger
46%
Paraguay
46%
Pays-Bas
46%
Afghanistan
45%
Autriche
45%
Corée du Nord
45%
Équateur
45%
Irak
45%
Iraq
45%
Kazakistan
45%
Nigeria
45%
Nigéria
45%
Soudan
45%
Vatican
45%
Vatican City
45%
Biélorussie
44%
Colombia
44%
Egypte
44%
Égypte
44%
Finlande
44%
Pakistan
44%
Pakistán
44%
Panama
44%
Panamá
44%
Roumanie
44%
South Africa
44%
Thailand
44%
Uruguay
44%
Vietname
44%
Yemen
44%
Yémen
44%
Angola
43%
Bolivia
43%
Bolívia
43%
España
43%
Indonesia
43%
Indonésia
43%
Iran
43%
Irán
43%
Luxembourg
43%
Luxemburg
43%
Omã
43%
Paraguay
43%
Uruguay
43%
Albanië
42%
Albanie
42%
Catar
42%
Chade
42%
Estonie
42%
Ethiopië
42%
Éthiopie
42%
Guatemala
42%
Guiné
42%
Guyana
42%
Haiti
42%
Haïti
42%
Haití
42%
Irlande
42%
Israel
42%
Israël
42%
Laos
42%
Lettonie
42%
Mauritanië
42%
Mauritanie
42%
Mongolia
42%
Mongólia
42%
Qatar
42%
Saint-Marin
42%
Senegal
42%
Sénégal
42%
Somalië
42%
Somalie
42%
Tchad
42%
Birma
41%
Bulgarie
41%
Bulgarije
41%
Costa Rica
41%
Croatie
41%
Deutschland
41%
Émirats arabes unis
41%
Guatemala
41%
Guinée
41%
Honduras
41%
Hongrie
41%
Israel
41%
Israël
41%
Kenya
41%
Liettua
41%
Malte
41%
Myanmar
41%
Nicaragua
41%
Nicarágua
41%
Ouzbékistan
41%
Peru
41%
Perú
41%
Perù
41%
Philippines
41%
Surinam
41%
Suriname
41%
Tunisia
41%
Tunísia
41%
Zambia
41%
Zimbábue
41%
Zimbabwe
41%
Bahama
40%
Birmanie
40%
Cambodge
40%
Cameroun
40%
Cap-Vert
40%
Costa d'Avorio
40%
Costa de Marfil
40%
Costa do Marfim
40%
Côte d'Ivoire
40%
Elfenbeinküste
40%
Fiji
40%
Guinee
40%
Islande
40%
Ivoorkust
40%
Ivory Coast
40%
Mozambique
40%
Namibië
40%
Namibie
40%
Papouasie-Nouvelle- Guinée
40%
République tchèque
40%
Serbie
40%
Slovaquie
40%
Soudan du Sud
40%
Sri Lanka
40%
Syrië
40%
Syrie
40%
Tanzania
40%
Thaïlande
40%
Togo
40%
Turkmenistan
40%
Turkmenistán
40%
Turkménistan
40%
Zambie
40%
Afghanistan
39%
Armenië
39%
Arménie
39%
Belgium
39%
Belize
39%
Benim
39%
Benin
39%
Benín
39%
Bénin
39%
Chypre
39%
El Salvador
39%
Fidji
39%
Ghana
39%
Jamaïque
39%
Libya
39%
Liechtenstein
39%
Litauen
39%
Lituanie
39%
Malaisie
39%
Maldive
39%
Mozambique
39%
Norsunluurannikko
39%
Salvador
39%
Seychelles
39%
Singapore
39%
Singapour
39%
Slovenië
39%
Slovénie
39%
Sweden
39%
Tanzanie
39%
Vietnam
39%
Viêt Nam
39%
Wybrzeże Kości Słoniowej
39%
Andora
38%
Andorra
38%
Azerbaïdjan
38%
Azerbaijan
38%
Bosnië en Herzegovina
38%
Bosnie-Herzégovine
38%
Botsuana
38%
Botswana
38%
Comoros
38%
Georgië
38%
Géorgie
38%
Jordan
38%
Kiribati
38%
Lesotho
38%
Liban
38%
Liechtenstein
38%
Micronesia
38%
Morocco
38%
Nepal
38%
Népal
38%
Norway
38%
Oman
38%
Omán
38%
République dominicaine
38%
Sainte-Lucie
38%
Seychelles
38%
Somalia
38%
Somália
38%
Tadjikistan
38%
Tadzjikistan
38%
Albania
37%
Albânia
37%
Bangladés
37%
Bielorrusia
37%
Bielorrússia
37%
Burkina Faso
37%
Chile
37%
Eswatini
37%
Gabon
37%
Gabón
37%
Guinée-Bissau
37%
Kirghizistan
37%
Kirguistán
37%
Kosovo
37%
Kyrgyzstan
37%
Macédoine du Nord
37%
Maurice
37%
Micronésie
37%
New Zealand
37%
Palaos
37%
République Centrafricaine
37%
Rwanda
37%
Swasiland
37%
Swaziland
37%
Vanuatu
37%
Antigua and Barbuda
36%
Antigua e Barbuda
36%
Antígua e Barbuda
36%
Antigua en Barbuda
36%
Antigua-et-Barbuda
36%
Antigua i Barbuda
36%
Antigua ja Barbuda
36%
Antigua und Barbuda
36%
Antigua y Barbuda
36%
Austria
36%
Áustria
36%
Bahrain
36%
Bahrein
36%
Bahreïn
36%
Barbade
36%
Bhoutan
36%
Bielorussia
36%
Brunei
36%
Brunéi
36%
Bulgaria
36%
Bułgaria
36%
Bulgária
36%
Djibouti
36%
Dominique
36%
Érythrée
36%
Estonia
36%
Estônia
36%
Îles Marshall
36%
Ilhas Marshall
36%
Isole Marshall
36%
Jordanië
36%
Jordanie
36%
Koweït
36%
Liberia
36%
Libéria
36%
Liechtenstein
36%
Moldavie
36%
Montenegro
36%
Monténégro
36%
Nauru
36%
Ouganda
36%
Poland
36%
Rwanda
36%
Saint-Christophe- et-Niévès
36%
Saint Vincent and the Grenadines
36%
Saint Vincent e Grenadine
36%
Saint Vincent en de Grenadines
36%
Saint-Vincent-et-les- Grenadines
36%
Saint Vincent i Grenadyny
36%
Saint Vincent ja Grenadiinit
36%
Samoa
36%
Serbia
36%
South Korea
36%
St. Vincent und die Grenadinen
36%
Taiwan
36%
Tonga
36%
Tuvalu
36%
Vanuatu
36%
Armenia
35%
Armênia
35%
Azerbeidzjan
35%
Burundi
35%
Croatia
35%
Eswatini
35%
Ethiopia
35%
Gambie
35%
Greece
35%
Guinee-Bissau
35%
Islas Salomón
35%
Kroatia
35%
Malta
35%
Mauritania
35%
Mauritânia
35%
Mjanma
35%
Moldavië
35%
Namibia
35%
Namíbia
35%
North Korea
35%
Palaos
35%
Salomon
35%
Slovenia
35%
Suazilandia
35%
Syria
35%
Taiwan
35%
Taiwán
35%
Taïwan
35%
Trinité-et-Tobago
35%
Bahamas
34%
Bahama's
34%
Bahamy
34%
Birmania
34%
Birmânia
34%
Ecuador
34%
Equador
34%
Georgia
34%
Geórgia
34%
Grenade
34%
Guinée équatoriale
34%
Netherlands
34%
São Tomé and Príncipe
34%
Sao Tomé en Principe
34%
Sao Tome e Principe
34%
São Tomé e Príncipe
34%
Sao Tomé-et-Principe
34%
São Tomé ja Príncipe
34%
São Tomé und Príncipe
34%
Sierra Leone
34%
Swazimaa
34%
Tanzania
34%
Tanzânia
34%
Turkey
34%
Zambia
34%
Zâmbia
34%
Andorra
33%
Bosnia and Herzegovina
33%
Bosnia ed Erzegovina
33%
Bósnia e Herzegovina
33%
Bośnia i Hercegowina
33%
Bosnia ja Hertsegovina
33%
Bosnia y Herzegovina
33%
Comores
33%
Dominica
33%
Guinea
33%
Ireland
33%
Italy
33%
Jamaica
33%
Kirghizistan
33%
Malaui
33%
Malawi
33%
Romania
33%
Soedan
33%
Sudan
33%
Sudán
33%
Switzerland
33%
Comoras
32%
Comores
32%
Frankreich
32%
Liechtenstein
32%
Maldives
32%
Sierra Leone
32%
Bangladesh
31%
Ecuador
31%
Estados Federados de Micronesia
31%
Estados Federados da Micronésia
31%
Federated States of Micronesia
31%
Gambia
31%
Gâmbia
31%
Moldávia
31%
Stati Federati di Micronesia
31%
Denmark
30%
Ecuador
30%
Iceland
30%
Macedonia del Norte
30%
Macedonia Północna
30%
Timor oriental
30%
North Macedonia
29%
Slovakia
29%
South Sudan
29%
San Marino
28%
Belarus
27%
Cypr
27%
Granada
27%
Grenada
27%
Hungary
27%
Iraq
27%
San Marino
27%
Saudi Arabia
27%
Weißrussland
27%
Chad
26%
Jordania
26%
Jordânia
26%
Lituania
26%
Lituânia
26%
Macedonia del Nord
26%
Macedónia do Norte
26%
Myanmar
26%
Saudi-Arabia
26%
Timor Oriental
26%
Brasilia
25%
Cambodia
25%
Guinea-Bissau
25%
Kazakstan
25%
Papua New Guinea
25%
Suriname
25%
Cyprus
24%
Grenada
24%
Guinea-Bissau
24%
Moldavia
24%
Oeganda
24%
Trinidad e Tobago
24%
Trinidad und Tobago
24%
Uganda
24%
Uzbekistan
24%
Uzbekistán
24%
Bhutan
23%
Estados Unidos
23%
Latvia
23%
Lebanon
23%
Santa Lucia
23%
Trinidad and Tobago
23%
Trinidad en Tobago
23%
Trinidad e Tobago
23%
Trinidad ja Tobago
23%
Trinidad y Tobago
23%
França
22%
Malaysia
22%
Barbados
21%
Cape Verde
21%
Czech Republic
21%
Dominican Republic
21%
Emirados Árabes Unidos
21%
Emirati Arabi Uniti
21%
Emiratos Árabes Unidos
21%
Estados Unidos
21%
Figi
21%
Fiji
21%
Marocco
21%
Republika Zielonego Przylądka
21%
Saint Kitts en Nevis
21%
Singapore
21%
Burkina Faso
20%
Lettonia
20%
República Dominicana
20%
Turquía
20%
Turquia
20%
United Arab Emirates
20%
Cameroon
19%
Grecia
19%
Grécia
19%
Mauritius
19%
Saint Kitts and Nevis
19%
Saint Kitts e Nevis
19%
Saint Kitts i Nevis
19%
Saint Kitts ja Nevis
19%
St. Kitts und Nevis
19%
Afganistán
18%
Afganistan
18%
Belgia
18%
Bhutan
18%
Città del Vaticano
18%
Ciudad del Vaticano
18%
El Salvador
18%
Equatorial Guinea
18%
Kuweit
18%
Kuwejt
18%
Österreich
18%
Polonia
18%
Polônia
18%
Saint Lucia
18%
St. Lucia
18%
Vaticano
18%
Kanada
17%
Libia
17%
Líbia
17%
Lithuania
17%
Luxemburg
17%
Mauritius
17%
Palau
17%
Alemania
16%
Azerbaijan
16%
Azerbaiyán
16%
Bahrain
16%
Bahrajn
16%
East Timor
16%
Eritrea
16%
Luxemburg
16%
Mauritius
16%
Moldova
16%
Norvegia
16%
Bélgica
15%
Holandia
15%
Kuwait
15%
Polska
15%
Tagikistan
15%
Tajikistan
15%
Tayikistán
15%
België
14%
Bután
14%
Comoros
14%
Egypti
14%
Finlandia
14%
Finlândia
14%
Germania
14%
Hungría
14%
Islandia
14%
Islândia
14%
Kenia
14%
Maurícia
14%
Nueva Zelanda
14%
Rusia
14%
Russland
14%
Cabo Verde
13%
Camerún
13%
Camerun
13%
Central African Republic
13%
Etiopía
13%
Etiopia
13%
Etiópia
13%
Irlanda
13%
Kap Verde
13%
Marshall Islands
13%
Ukraina
13%
Filipinas
12%
Indie
12%
Irlanda
12%
Letonia
12%
Letónia
12%
Oost-Timor
12%
Osttimor
12%
Papua Nova Guiné
12%
Papua-Uusi-Guinea
12%
República Checa
12%
Spanje
12%
Itä-Timor
11%
Kuba
11%
Líbano
11%
Libano
11%
Nederland
11%
Papua Nueva Guinea
11%
Santa Lucía
11%
Santa Lúcia
11%
Schweiz
11%
Solomon Islands
11%
Thailandia
11%
Timor-Leste
11%
Belgia
10%
Capo Verde
10%
Corea del Norte
10%
Egipt
10%
Erytrea
10%
Gana
10%
Irlandia
10%
Islanda
10%
Italien
10%
Papua-Neuguinea
10%
Reino Unido
10%
Singapur
10%
Suomi
10%
Turkije
10%
Australien
9%
Baréin
9%
Brazilië
9%
Corea del Sur
9%
Demokratische Republik Kongo
9%
Demokratyczna Republika Konga
9%
Espanja
9%
Granada
9%
Guiné-Bissau
9%
Katar
9%
Kongo
9%
Kongon demokraattinen tasavalta
9%
Kongon tasavalta
9%
Lesoto
9%
Malasia
9%
Malásia
9%
Nieuw-Zeeland
9%
Nova Zelândia
9%
Papoea-Nieuw-Guinea
9%
Papua-Nowa Gwinea
9%
Repubblica Dominicana
9%
República Dominicana
9%
Republik Kongo
9%
Siria
9%
Síria
9%
Sudáfrica
9%
Sudafrica
9%
Zuid-Afrika
9%
Zuid-Korea
9%
Algerien
8%
Arabia Saudita
8%
Argentinië
8%
Centraal-Afrikaanse Republiek
8%
Cina
8%
Hungria
8%
Kamerun
8%
Kroatië
8%
Libië
8%
Maldivas
8%
Marokko
8%
Marruecos
8%
Noord-Korea
8%
Ruanda
8%
Rumania
8%
Saoedi-Arabië
8%
Spanien
8%
Südafrika
8%
Zuid-Soedan
8%
Albanien
7%
Armenien
7%
Belgien
7%
Bolivien
7%
Bosnien und Herzegowina
7%
Brasilien
7%
Bulgarien
7%
Dżibuti
7%
Filipinas
7%
Guinea Equatoriale
7%
Indien
7%
Indonesien
7%
Kirgisia
7%
Kirgisistan
7%
Koeweit
7%
Kolumbia
7%
Lussemburgo
7%
Mexiko
7%
Nordkorea
7%
Polen
7%
Serbien
7%
Slowakije
7%
Spagna
7%
Sudán del Sur
7%
Südkorea
7%
Südsudan
7%
Sud Sudan
7%
Vatikanstadt
7%
Argentinien
6%
Brasile
6%
Cambogia
6%
Corea del Nord
6%
Corea del Sud
6%
Croacia
6%
Croácia
6%
Dinamarca
6%
Dominika
6%
Frankrijk
6%
Georgien
6%
Griechenland
6%
Iémen
6%
Jamaika
6%
Jordanien
6%
Kroatien
6%
Libyen
6%
Luxemburgo
6%
Madagaskar
6%
Marokko
6%
Maroko
6%
Mauretanien
6%
Mozambik
6%
Países Bajos
6%
Reino Unido
6%
República Centroafricana
6%
República Centro-Africana
6%
Suecia
6%
Suécia
6%
Syrien
6%
Tailandia
6%
Tailândia
6%
Türkei
6%
Verenigde Staten
6%
Ägypten
5%
Arabia Saudita
5%
Arábia Saudita
5%
Argelia
5%
Argélia
5%
Belice
5%
Dominicaanse Republiek
5%
Egipto
5%
Föderierte Staaten von Mikronesien
5%
Guinea Ecuatorial
5%
Guiné Equatorial
5%
Jemen
5%
Kirgistan
5%
Kirgizië
5%
Luxemburgo
5%
Malesia
5%
Mauricio
5%
Monako
5%
Mozambico
5%
Noord-Macedonië
5%
Noorwegen
5%
Noruega
5%
República Checa
5%
Rumänien
5%
Rusland
5%
Saudi-Arabien
5%
Schweden
5%
Suiza
5%
Svizzera
5%
Ucrania
5%
Ucrânia
5%
Vereinigtes Königreich
5%
Zimbabue
5%
África do Sul
4%
Alemanha
4%
Aserbaidschan
4%
Bangladesch
4%
Belgio
4%
Camboja
4%
Chipre
4%
Cile
4%
Comoren
4%
Duitsland
4%
Eslovaquia
4%
Eslováquia
4%
Eslovenia
4%
Eslovénia
4%
Espanha
4%
Estland
4%
Giappone
4%
Griekenland
4%
Guiana
4%
Islas Marshall
4%
Isole Salomone
4%
Japani
4%
Japonia
4%
Komoren
4%
Lettland
4%
Libanon
4%
Maldiven
4%
Messico
4%
Neuseeland
4%
Niederlande
4%
Norwegen
4%
Nuova Zelanda
4%
Países Baixos
4%
Paraguai
4%
Portogallo
4%
Repubblica Centrafricana
4%
Sambia
4%
San Cristóbal y Nieves
4%
São Vicente e Granadinas
4%
Sierra Leona
4%
Simbabwe
4%
Slovacchia
4%
Tansania
4%
Timor Est
4%
Tschechien
4%
Ucraina
4%
Ungarn
4%
Uruguai
4%
Äthiopien
3%
Cambodja
3%
Camboya
3%
Cipro
3%
Croazia
3%
Danimarca
3%
Dominikanische Republik
3%
Dschibuti
3%
Egitto
3%
Essuatíni
3%
Fidschi
3%
Filippine
3%
Fiyi
3%
Francja
3%
Gabun
3%
Giamaica
3%
Gibuti
3%
Giordania
3%
Ierland
3%
Israele
3%
Japão
3%
Kambodscha
3%
Kap Verde
3%
Kasachstan
3%
Kazachstan
3%
Kolumbia
3%
Kolumbien
3%
Marshallinseln
3%
Mikronesia
3%
Moldawien
3%
Mosambik
3%
Niemcy
3%
Nikaragua
3%
Nordmazedonien
3%
Norwegia
3%
Oostenrijk
3%
Paesi Bassi
3%
Philippinen
3%
Portugali
3%
Regno Unito
3%
Repubblica Ceca
3%
Rosja
3%
San Vicente y las Granadinas
3%
Seychellen
3%
Slowakei
3%
Slowenien
3%
Suíça
3%
Svezia
3%
Tadschikistan
3%
Tschad
3%
Tunesië
3%
Túnez
3%
Turchia
3%
Usbekistan
3%
Vereinigte Arabische Emirate
3%
Verenigde Arabische Emiraten
3%
Verenigd Koninkrijk
3%
Viro
3%
Wyspy Salomona
3%
Zypern
3%
Afeganistão
2%
Äquatorial-Guinea
2%
Arabia Saudyjska
2%
Argentiina
2%
Azerbaidžan
2%
Azerbaijão
2%
Bangladesz
2%
Białoruś
2%
Boliwia
2%
Brazylia
2%
Butão
2%
Camarões
2%
Cazaquistão
2%
Ciad
2%
Coreia do Norte
2%
Coreia do Sul
2%
Dania
2%
Denemarken
2%
Egito
2%
Ekwador
2%
Fidżi
2%
Fidži
2%
Filipijnen
2%
Gabão
2%
Grecja
2%
Gujana
2%
Gwatemala
2%
Gwinea
2%
Gwinea Bissau
2%
Hiszpania
2%
Hongarije
2%
IJsland
2%
Iraque
2%
Izrael
2%
Kambodża
2%
Kambodža
2%
Kameroen
2%
Kazachstan
2%
Kiina
2%
Komory
2%
Korea Północna
2%
Korea Południowa
2%
Kosowo
2%
Kostaryka
2%
Kuuba
2%
Letland
2%
Luksemburg
2%
Malediven
2%
Marrocos
2%
Mauretania
2%
Meksiko
2%
Meksyk
2%
Moçambique
2%
Oekraïne
2%
Oezbekistan
2%
Papua Nuova Guinea
2%
Paquistão
2%
Pohjois-Makedonia
2%
Portugalia
2%
Quênia
2%
Ranska
2%
Republika Południowej Afryki
2%
Romênia
2%
Saksa
2%
Salomonen
2%
Santo Tomé y Príncipe
2%
Sérvia
2%
Servië
2%
Singapura
2%
Słowenia
2%
Sudão
2%
Sudão do Sul
2%
Tšad
2%
Tsjaad
2%
Tunesien
2%
Ungheria
2%
Vaticaanstad
2%
Venäjä
2%
Wenezuela
2%
Wielka Brytania
2%
Wietnam
2%
Włochy
2%
Wyspy Marshalla
2%
Yibuti
2%
Zentralafrikanische Republik
2%
Zjednoczone Emiraty Arabskie
2%
Zweden
2%
Zwitserland
2%
Alankomaat
1%
Azerbejdżan
1%
Chorwacja
1%
Czad
1%
Czarnogóra
1%
Czechy
1%
Dominikaaninen tasavalta
1%
Dominikana
1%
Equatoriaal-Guinea
1%
Eritreia
1%
Etelä-Afrikka
1%
Etelä-Korea
1%
Etelä-Sudan
1%
Filipiny
1%
Filippiinit
1%
Gruzja
1%
Gwinea Równikowa
1%
Ilhas Salomão
1%
Indonezja
1%
Intia
1%
Irlanti
1%
Islanti
1%
Itävalta
1%
Jamajka
1%
Kaapverdië
1%
Keski-Afrikan tasavalta
1%
Komorit
1%
Kreikka
1%
Kypros
1%
Litouwen
1%
Litwa
1%
Łotwa
1%
Malediivit
1%
Malediwy
1%
Maleisië
1%
Malezja
1%
Marshalleilanden
1%
Marshallinsaaret
1%
Mikronezja
1%
Mołdawia
1%
Norja
1%
Nowa Zelandia
1%
Päiväntasaajan Guinea
1%
Paragwaj
1%
Pohjois-Korea
1%
Puola
1%
Quirguistão
1%
Republika Środkowoafrykańska
1%
Roemenië
1%
Rumunia
1%
Ruotsi
1%
Salomonsaaret
1%
Salomonseilanden
1%
Salwador
1%
São Cristóvão e Nevis
1%
Serra Leoa
1%
Seszele
1%
Seychellit
1%
Słowacja
1%
Sudan Południowy
1%
Sveitsi
1%
Syyria
1%
Szwajcaria
1%
Szwecja
1%
Tadžikistan
1%
Tadżykistan
1%
Tajiquistão
1%
Tajlandia
1%
Tajwan
1%
Tanska
1%
Thaimaa
1%
Timor Wschodni
1%
Trynidad i Tobago
1%
Tšekki
1%
Tsjechië
1%
Tunezja
1%
Turcja
1%
Turkki
1%
Turquemenistão
1%
Unkari
1%
Urugwaj
1%
Uusi-Seelanti
1%
Uzbequistão
1%
Valko-Venäjä
1%
Vatikaanivaltio
1%
Watykan
1%
Węgry
1%
Wyspy Świętego Tomasza i Książeca
1%
Yhdistyneet arabiemiirikunnat
1%
Yhdistynyt kuningaskunta
1%
Aucun quiz correspondant
Distribution des résultats
% des personnes avec chaque résultat
Percentile par nombre de réponses
Votre historique - résultats
Vous n’avez pas pris ce quiz